000 00549nam a22001817a 4500
003 OSt
005 20260407044454.0
008 260407b |||||||| |||| 00| 0 eng d
020 _a9718905235
040 _aDWCL GS lib
_cOC
082 _aRes. (Fil.) 808.87 T691t 1999
100 _aTorrenueva C.
245 _aTouch Me, Please! :
_b(A jokebook) English & Tagalog
_cC. Torrenueva
260 _aCebu City
_bRSO TRADING
_cc1999.
300 _av, 102 pages:
_billustrations
_c12cm.
546 _aEnglish
942 _2ddc
_cBK-0 CIRC
_hRes.(Fil.)
_n0
999 _c9311
_d9311